[Event "Wichern op 5th"]
[Site "Hamburg"]
[Date "1999.10.19"]
[Round "6.12"]
[White "Shabalov, Alexander"]
[Black "Aagaard, Jacob"]
[Result "0-1"]
[WhiteElo "2566"]
[BlackElo "2403"]
[Annotator "Aagaard,J"]
[PlyCount "92"]
[EventDate "1999.10.15"]
[EventType "swiss"]
[EventRounds "9"]
[EventCountry "GER"]
[SourceTitle "EXT 2001"]
[Source "ChessBase"]
[SourceDate "2000.11.22"]
[SourceVersion "1"]
[SourceVersionDate "2000.11.22"]
[SourceQuality "1"]

1. d4 Nf6 2. c4 e6 3. Nc3 Bb4 4. e3 O-O 5. Bd3 d5 6. Nf3 c5 7. O-O cxd4 8. exd4
dxc4 9. Bxc4 b6 10. Qe2 Bb7 11. Rd1 Nbd7 12. Bf4 (12. Bg5 $142) 12... Bxc3 $1
13. bxc3 Nd5 14. Bd2 (14. Bxd5 exd5 (14... Bxd5 15. c4 Bxf3 16. Qxf3 Rc8 17.
Rac1 $16) 15. Re1 Re8 16. Qd3 Qf6 $11) 14... Rc8 $1 (14... Qc7 15. Bb5 a6 16.
Bxd7 Qxd7 17. c4 Nf6 18. Ne5 Qa4 19. Rab1 {Would have been the game with an
extra tempo for white, unless the rook is better on a8 which I doubt.}) 15.
Rac1 Qc7 16. Bb5 (16. Bb3 Nf4 17. Qe3 e5 $15 18. dxe5 $2 Nxg2 $1 19. Qe2 Bxf3
20. Qxf3 Nh4 21. Qg3 Nxe5 $19) 16... a6 $5 (16... N7f6 17. Ne5 (17. c4 $5 Nf4
18. Qe3 Ng6 19. h3 Rfd8 $11) 17... a6 18. Bd3 b5 19. c4 bxc4 20. Bxc4 Qd6 21.
Bg5 $13) 17. Bxd7 (17. Bxa6 $2 Bxa6 18. Qxa6 Qc4 $15) 17... Qxd7 18. c4 Nf6 19.
Ne5 Qa4 $5 20. Rb1 b5 21. Be1 $1 (21. cxb5 Qxa2 22. b6 Qd5 $15) 21... Be4 (
21... Ba8 $5 22. Rb4 Qa3 23. cxb5 axb5 24. Rxb5 Rfd8 $44 25. Ba5 {Fritz 5.} Rd5
26. Bb4 Qa4 27. Bc5 Ne4 28. Rb4 Nc3 29. Rxa4 Nxe2+ 30. Kf1 Nc3 $19) 22. Rb4 Qc2
23. Rd2 Qc1 24. c5 $2 (24. cxb5 axb5 (24... Nd5 25. Rd1 Qc2 26. Rb2 Qxe2 27.
Rxe2 Bxg2 28. bxa6 Nf4 29. Rb2 $16) 25. Rxb5 Rfd8 26. f3 Ba8 27. Rd1 $14) 24...
Qa3 25. Rb3 Qa4 $1 {X d4.} 26. g4 $5 (26. f3 Bd5 27. Rbb2 $15) 26... Bd5 27. g5
(27. Re3 b4 28. g5 Nd7 $17) (27. Rh3 Ne4 28. Rdd3 Qxa2 $19) 27... Ne4 28. Rdd3
$1 b4 (28... Bxb3 29. axb3) 29. Rxb4 Qe8 $1 (29... Qxa2 30. Qxa2 Bxa2 31. Ra3
Bd5 32. Rxa6 Nxg5 33. h4 Nf3+ 34. Nxf3 Bxf3 $14) 30. Qg4 (30. Bd2 f6 31. gxf6
gxf6 32. Ng4 Kh8 $40) 30... Nxg5 31. Nc4 $2 $138 (31. Qxg5 f6 32. Qe3 fxe5 33.
Qxe5 $13 {The black pieces will find it difficult to get to the white king,
although it looks promising.}) 31... f6 32. Nd6 Qg6 33. Qg3 (33. Rg3 $5 Rcd8 (
33... Bf3 34. Nxc8 $16) 34. Kf1 $15) 33... Rcd8 34. Kf1 a5 35. Ra4 Qh5 36. Raa3
f5 37. h4 (37. f4 $5 Ne4 38. Qh3 Qxh3+ 39. Rxh3 Nxd6 40. cxd6 Rxd6 41. Bxa5
Bc4+ 42. Ke1 Rxd4 43. Bc7 $17) 37... Ne4 38. Nxe4 fxe4 39. Rdc3 Rf6 40. Qg5 Qf7
$138 (40... Qd1 $2 41. Rg3 Bc4+ 42. Kg2 Rxf2+ 43. Bxf2 Qf1+ 44. Kh2 Qxf2+ 45.
Rg2 $16) 41. Rg3 $2 (41. c6 Rf8 42. Rc2 Bxc6 43. Rxa5 $17) 41... Rf8 42. Kg1 h6
$1 43. Qd2 (43. Qg4 Rf4 44. Qg6 Qxg6 $1 (44... Rxh4 45. Qxf7+ Rxf7 46. Rxa5 e3
47. f3 Rxd4 48. Ra3 $15) 45. Rxg6 Rxh4 46. Rxa5 e3 47. f3 Rxd4 48. Ra7 (48. Bc3
Rd1+ 49. Kh2 Rxf3 $19 50. Rxg7+ $140 Kf8 51. Rd7 Rh1+) 48... Rf7 49. Rxf7 Kxf7
50. Rg2 (50. Rg4 Rd1 51. Kf1 Rc1 $19) 50... Bxf3 51. Rg3 Rf4 $19) 43... Qh5 44.
Rxa5 (44. Rh3 Rf4 45. Rxa5 Qg4+ 46. Kh2 (46. Rg3 Qxg3+ $19) 46... e3 47. fxe3
Rf1 $19) 44... Qxh4 45. Ra7 Qxg3+ 46. fxg3 Rf1+ 0-1

[Event "St Petersburg-ch"]
[Site "St Petersburg"]
[Date "2003.04.26"]
[Round "11"]
[White "Klimov, Sergey"]
[Black "Solozhenkin, Evgeniy"]
[Result "1-0"]
[WhiteElo "2507"]
[BlackElo "2514"]
[Annotator "Atlas,V"]
[PlyCount "65"]
[EventDate "2003.04.16"]
[EventType "tourn"]
[EventRounds "13"]
[EventCountry "RUS"]
[EventCategory "11"]
[SourceTitle "CBM 095"]
[Source "ChessBase"]
[SourceDate "2003.07.25"]
[SourceVersion "1"]
[SourceVersionDate "2003.07.25"]
[SourceQuality "1"]

1. d4 Nf6 2. c4 e6 3. Nc3 Bb4 4. e3 O-O 5. Bd3 d5 6. Nf3 c5 7. O-O dxc4 8. Bxc4
Nbd7 9. Qe2 cxd4 10. exd4 Nb6 11. Bb3 Bd7 12. Bg5 Bc6 13. Rad1 Be7 14. Ne5 Bd5
15. Bc2 Rc8 16. Rfe1 Nfd7 17. Qh5 g6 18. Nxg6 fxg6 19. Bxg6 hxg6 20. Qxg6+ Kh8
21. Qh6+ Kg8 22. Qg6+ Kh8 23. Rd3 Rxc3 24. bxc3 Bxg5 25. Rh3+ Bh4 26. Qh6+ Kg8
27. Qg6+ Kh8 28. Ree3 $1 {A courageous decision. White relies on his heavy
artillery and goes for win despite a huge material disdavantage.} Qe7 29. Reg3
(29. Qg4 Nf6 30. Rxh4+ Nh7 31. Rxh7+ Qxh7 32. Rh3 {also deserved attention
here.}) 29... Nf6 30. Rxh4+ Nh7 31. Rhg4 ({If} 31. Rg5 {then} Nd7 32. Rxh7+
Qxh7 33. Rh5 Nf6 34. Rxh7+ Nxh7 {, with counterplay.}) 31... e5 32. dxe5 Qxe5
$4 ({A terrible blunder, losing on the spot.After} 32... Bxa2 {or 32...Nd7,
Black retained good counterchances.}) {[%tqu "En","How can White take
advantage of Black's last careless move?","Disclose the enemy king.",
"Sacrifice your queen!","g6h7","This remarkable queen sacrifice forces mate in
two.",4]} 33. Qxh7+ $1 {[%csl Gh7,Rh8][%cal Gg3h3,Gg4g8,Gh3h8]} (33. Qxh7+ {
, and Black resigned in view of inevitable mate:} Kxh7 34. Rh3+ Qh5 35. Rxh5#)
1-0

[Event "Moscow"]
[Site "Moscow"]
[Date "1981.04.??"]
[Round "6"]
[White "Karpov, Anatoly"]
[Black "Portisch, Lajos"]
[Result "1/2-1/2"]
[WhiteElo "2690"]
[BlackElo "2650"]
[Annotator "Belov,I"]
[PlyCount "60"]
[EventDate "1981.04.08"]
[EventType "tourn"]
[EventRounds "13"]
[EventCountry "URS"]
[EventCategory "15"]
[SourceTitle "MCL"]
[Source "ChessBase"]
[SourceDate "1999.07.01"]
[SourceVersion "1"]
[SourceVersionDate "1999.07.01"]
[SourceQuality "1"]

1. d4 Nf6 2. c4 e6 3. Nc3 Bb4 4. e3 c5 5. Nf3 O-O 6. Bd3 d5 7. O-O dxc4 8. Bxc4
Nbd7 9. Qe2 a6 (9... cxd4 10. exd4 b6 11. d5 $14) (9... b6 10. a3 cxd4 11. axb4
dxc3 12. bxc3 $14) 10. a4 (10. Bd3 $142 b5 11. a3 Ba5 12. b4 cxb4 13. axb4 Bxb4
14. Nxb5 Bb7 15. Ba3 $14) 10... Qc7 (10... cxd4 11. exd4 Nb6 12. Bb3 Nbd5 13.
Ne4 Bd7 $10) 11. Na2 b5 12. Bd3 (12. axb5 axb5 13. Bxb5 Bb7 $44) 12... Ba5 (
12... bxa4 13. Nxb4 cxb4 14. Rxa4 $14 {Portisch,L-Ardiansyah,H/Skopje(ol)/1972/
0,5 (47) Inf 14/589/}) 13. axb5 (13. b4 Bxb4 14. Nxb4 cxb4 15. e4 Bb7 16. a5 e5
17. Nxe5 Nxe5 18. dxe5 Qxe5 $10 {Knaak,R-Enders,P/DDR/1986/}) 13... axb5 14.
Bxb5 Bb7 15. Rd1 (15. Nc3 cxd4 16. Nxd4 Qd6 17. Ra4 Nb6 18. Ra3 Nbd5 19. Nxd5
Bxd5 20. Bd3 Bc7 $44 {Knaak,R-Balashov,Y/Halle/1976/}) 15... Rfb8 (15... Rab8
$6 16. dxc5 Nxc5 17. b4 Ng4 18. h3 $1 Bxf3 19. Qxf3 Qh2+ 20. Kf1 Qe5 21. Qxg4
$16 {Georgadze,T-Balashov,Y/URS(ch)/1980/0,5 (75) Inf 30/671/}) 16. h3 Bb4 17.
Bxd7 (17. Bc4 Bxf3 18. gxf3 $8 cxd4 19. Rxd4 Ne5 $44) 17... Nxd7 18. Bd2 Bxd2
19. Qxd2 (19. Rxd2 Bd5 $17) (19. Nxd2 Ba6 $17 {/\ Rb2/}) 19... Bxf3 20. gxf3
Qb7 21. Kg2 Qxb2 22. Qxb2 Rxb2 23. dxc5 $1 Nxc5 24. Nb4 $10 Rc8 25. Nc6 Kf8 (
25... Rxc6 $4 26. Ra8+ $18) 26. Ne5 Rb7 27. Nc4 Rbc7 28. Nd6 Rd8 29. Nb5 Rxd1
30. Rxd1 Rd7 1/2-1/2

[Event "FIDE World Cup 9-16"]
[Site "Khanty-Mansiysk"]
[Date "2005.12.10"]
[Round "5.2"]
[White "Lautier, Joel"]
[Black "Carlsen, Magnus"]
[Result "0-1"]
[WhiteElo "2680"]
[BlackElo "2570"]
[Annotator "CB"]
[PlyCount "132"]
[EventDate "2005.11.27"]
[EventType "k.o."]
[EventRounds "7"]
[EventCountry "RUS"]
[SourceTitle "CBM 111"]
[Source "ChessBase"]
[SourceDate "2006.04.04"]
[SourceVersion "1"]
[SourceVersionDate "2006.04.04"]
[SourceQuality "1"]

1. d4 Nf6 2. c4 e6 3. Nc3 Bb4 4. e3 O-O 5. Bd3 d5 6. Nf3 c5 7. O-O dxc4 8. Bxc4
Nbd7 9. Qe2 b6 10. Rd1 cxd4 11. exd4 Bxc3 12. bxc3 Qc7 13. Bb2 Bb7 14. Bd3 Nd5
15. Qe4 N7f6 16. Qe5 Rac8 17. c4 Nf4 18. Bf1 Bxf3 19. gxf3 Rfd8 20. Qxc7 Rxc7
21. a4 h6 22. a5 Nh7 23. axb6 axb6 24. Ra3 Nf8 25. Rda1 Rcc8 26. Rb3 N8g6 27.
Rxb6 Nh4 28. Ra3 Nf5 29. c5 e5 30. Ba6 Nxd4 31. Rd6 (31. Bxc8 Nde2+ 32. Kf1
Rd1#) 31... Rxd6 32. cxd6 Rd8 33. Kf1 Rxd6 34. Bd3 g5 35. Be4 Kg7 36. Ra1 Rb6
37. Ba3 f5 38. Ba8 Kf6 (38... Nc2 $1 {wins because the white rook cannot leave
the first rank (...Rb1# is threatened)} 39. Bc5 Rb5) 39. Bc5 Rb5 40. Bd6 Ke6
41. Bf8 Rb8 42. Bc5 Rb2 43. Re1 Kf6 44. Rd1 h5 45. Ke1 Re2+ 46. Kf1 Rb2 47. Ke1
Re2+ 48. Kf1 Rc2 49. Bb6 Kg6 50. Bb7 Rb2 51. Bxd4 exd4 52. Ba6 Kf6 53. Bc4 Ke5
54. Re1+ Kd6 55. Rd1 Kc5 56. Ba6 Kd5 57. Ke1 Ra2 58. Bb5 Kc5 59. Bd7 d3 60.
Bxf5 Kd4 61. Rb1 Re2+ 62. Kf1 d2 63. Bc2 Re5 64. Rd1 Kc3 65. Be4 Rxe4 66. fxe4
Kc2 0-1

[Event "Lopota FIDE GP (Women)"]
[Site "Lopota"]
[Date "2014.06.25"]
[Round "6"]
[White "Khotenashvili, Bela"]
[Black "Muzychuk, Anna"]
[Result "0-1"]
[WhiteElo "2518"]
[BlackElo "2561"]
[Annotator "CB"]
[PlyCount "92"]
[EventDate "2014.06.19"]
[EventType "tourn"]
[EventRounds "11"]
[EventCountry "GEO"]
[EventCategory "11"]
[SourceTitle "CBM 161 Extra"]
[Source "ChessBase"]
[SourceDate "2014.08.29"]
[SourceVersion "1"]
[SourceVersionDate "2014.08.29"]
[SourceQuality "1"]

{An early mistake by the Georgian player blundered a pawn and a further
mistake left her position in ruins after which it was simple for Muzychuk to
clean up the game.} 1. d4 Nf6 2. c4 e6 3. Nc3 Bb4 4. e3 O-O 5. Bd3 c5 6. Nf3 d5
7. O-O dxc4 8. Bxc4 Nbd7 9. a3 Bxc3 10. bxc3 b6 11. a4 Bb7 12. Bb2 Qc7 13. Ba2
$2 {Very careless} (13. Nd2 {is a normal continuation.}) (13. Qe2 Ng4 $6 14. e4
{is also possible.}) 13... Ng4 {Suddenly White has no good way of protecting
h2.} 14. Re1 Bxf3 15. Qxf3 Qxh2+ 16. Kf1 Ndf6 17. Ke2 Qc7 18. Rac1 Rfe8 19. e4
Qc6 20. Bb1 Qxa4 21. Qd3 Rad8 22. Bc2 Qc6 23. f4 e5 24. d5 c4 25. dxc6 cxd3+
26. Bxd3 exf4 27. c4 Rc8 28. Kf3 Re5 29. Kxf4 g5+ 30. Kg3 Rxc6 31. Be2 Rxe4 32.
Bf3 Rxe1 33. Rxe1 Rxc4 34. Re7 h5 35. Rxa7 Ne4+ 36. Bxe4 Rxe4 37. Bc1 f6 38.
Kf3 Re1 39. Bd2 Ne5+ 40. Kf2 Nd3+ 41. Kg3 Re2 42. Bc3 Re3+ 43. Kh2 Ne5 44. Rc7
Rd3 45. Kg1 Rd5 46. Rb7 Nd7 0-1

[Event "Morelia/Linares 23rd"]
[Site "Morelia/Linares"]
[Date "2006.02.20"]
[Round "3"]
[White "Aronian, Levon"]
[Black "Topalov, Veselin"]
[Result "1/2-1/2"]
[WhiteElo "2752"]
[BlackElo "2801"]
[Annotator "CB"]
[PlyCount "246"]
[EventDate "2006.02.18"]
[EventType "tourn"]
[EventRounds "14"]
[EventCountry "ESP"]
[EventCategory "20"]
[SourceTitle "CBM 112"]
[Source "ChessBase"]
[SourceDate "2006.06.07"]
[SourceVersion "1"]
[SourceVersionDate "2006.06.07"]
[SourceQuality "1"]

1. d4 Nf6 2. c4 e6 3. Nc3 Bb4 4. e3 O-O 5. Bd3 c5 6. Nf3 d5 7. O-O dxc4 8. Bxc4
Nbd7 9. a3 cxd4 10. axb4 dxc3 11. bxc3 Qc7 12. Be2 Nd5 13. Bd3 Qxc3 14. Ra3 Qf6
15. Qc2 h6 16. b5 Nb4 17. Bh7+ Kh8 18. Qb1 a5 19. Be4 Nc5 20. Bd2 Bd7 21. Bxb4
axb4 22. Qxb4 Rxa3 {#One important facet of Topalov's style of play is the
ease with which he can sacrifice the exchange, for the most varied purposes,
be them of defensive or aggressive nature. He did that quite frequently in San
Luis and none less than twice in his previous game against Aronian in Wijk aan
Zee earlier this year. In this game we shall see the players changing parts:
it will be Aronian who will give up both his rooks for Topalov's minor pieces.
Besides the natural desire to take a bit of revenge on this territory, this
might look like a tribute payed to the greatest expert of exchange sacrifice
from chess history, Tigran Vartanovich Petrosian, who was Armenian, too.
Aronian's decision in the diagrammed position must have been dictated by the
unwillingness of leaving Black with a strong knight on c5, but is not likely
to offer an objective advantage.} 23. Qxc5 Rfa8 24. Ne5 (24. Bxb7 {would have
ed to more interesting play. After the game continuation it will be only Black
who can play for an advantage.}) 24... b6 ({Obviously playing for a win. Black
would have no chances of breaking White's fortress after} 24... Bxb5 25. Qxb5
R3a5 26. Nxf7+ Qxf7 27. Qxb7) 25. Qc7 Bxb5 {Topalov needed only three moves to
get the score even. White has to capture the a8-rook, of course.} 26. Bxa8 Rxa8
27. Rd1 {This was not a good moment for leaving the rook en prise, since this
would have weakened the back rank in a decisive way. Aronian will have to wait
for 10 more moves until he will be given an opportunity to trade his rook for
Black's remaining minor piece. Otherwise, Black is much better now. White's
king is relatively unsafe, while his pieces lack stability. The extra-pawn is
more or less doomed, but the time spent by White on eliminating itwill allow
Black start a dangerous attack.} Ba4 28. Rd4 Be8 29. g3 ({White needs to keep
his rook on an active square, in order to threaten the f7-pawn. In case of} 29.
Rd1 {Black could consolidate his pawn already with} b5) 29... Kh7 30. Kg2 ({
The point behind Black's previous move is that after} 30. Rf4 Qd8 31. Qxd8 Rxd8
{White captures on f7 without check,} 32. Nxf7 {allowing} Rd1+ 33. Kg2 g5 34.
Rf6 Kg7 {trapping the knight.}) 30... Ra5 31. Nc4 Ra2 32. Rf4 Qc3 33. Qxb6 Ra1
34. Qb7 Qc1 35. Kh3 {#} f6 $2 ({The correct idea carried out in a bad form.
Topalov prepares the activation of his bishop through g6, in order to give
even more force to his attack. In doing so, he might have missed White's next
move (since 37.Rxg6 should be just too natural for him). Before weakening the
seventh rank, he should have played} 35... Rb1 {when the queen would have been
forced to abandon the seventh rank, in order to maintain the g2-square under
observation. After that, Black could have safely played 36...f6, or, in some
cases, even 36...f5 as, for instance, after} 36. Qe4+ {, in order to play ...
g5 next. Lowering of concentration in practically won positions tend to occur
from times to times in Topalov's practice, especially when the opponent puts
up resistance in slightly irrational positions. Two recent examples are
Topalov-Leko Linares 2005 and Topalov-Anand San Luis 2005. The main difference
is that in the previous games he never got into danger of losing, which cannot
be said about the present game.}) 36. Rg4 Bg6 37. Rxg6 $1 {The score stands
2-1 for Aronian now and, what is even more important, the black king starts
feeling very unsafe.} Kxg6 38. Qe4+ Kf7 39. Nd6+ Ke7 40. Nf5+ Kd7 ({This is
not playing for a win already. In case of} 40... Kf7 $2 {, apart from giving
perpetual check, White can mate with} 41. Qb7+) 41. Nxg7 Qf1+ 42. Kh4 Qxf2 43.
Qxe6+ Kc7 44. Qc4+ Kb7 {Sad necessity. The king has to exile himself far from
his few remaining pawns, since crossing the d-file back would lose the rook to
Qd4.} 45. Qe4+ Kb8 46. Qf4+ Qxf4+ 47. exf4 {The endgame looks very dangerous
for Black, whose king is quite far from the main theatre of events.} Ra2 48. h3
Kc8 49. Kh5 Ra3 50. Nf5 Kd7 51. Kxh6 Ke6 52. Kg6 Ra5 53. Ng7+ Ke7 54. h4 Ra6
55. Nh5 ({White does not find the best regroupment.} 55. Nf5+ Kf8 56. g4 {
would have posed more problems, for instance} Ra4 ({passive strategy would
fail after} 56... Rb6 57. Ng3 Ra6 58. Nh5 Ke7 59. f5 {followed by Kg7 and g5.})
57. Ng7 f5 $5 {Same trick as in the game, but in a worse situation.} 58. Ne6+
Ke7 59. gxf5 {and White might be winning already.}) 55... Ra8 56. Ng7 Ra6 57.
g4 {#} f5+ $3 {The saving move. Black needs open ranks in order to harrass the
enemy king. White will soon have to give up one of his pawns, leading to a
drawn position according to the Nalimov Tablebases. Topalov defended
accurately for more than 60 moves, even though in some cases he had to play
only moves.} 58. Kxf5 Kf7 59. Nh5 Ra5+ 60. Ke4 Ra3 61. g5 Rh3 62. Kf5 Rxh4 63.
g6+ Kg8 64. Kg5 Rh1 65. Nf6+ Kf8 66. Nh5 Rg1+ 67. Kh6 Rh1 68. f5 Kg8 69. Kg5
Rg1+ 70. Kf6 Rg4 71. Ng7 Ra4 72. Ne6 Ra5 73. Nc7 Kf8 74. Ke6 Ra7 75. Nb5 Re7+
76. Kf6 Rd7 77. Nc3 Rd6+ 78. Kg5 Kg7 79. Nb5 Rd5 80. Nc7 Re5 81. Ne6+ Kg8 82.
Kf6 Ra5 83. Nc7 Rc5 84. Ne8 Rc1 85. Nd6 Kf8 86. Ne4 Rc6+ 87. Kg5 Rc4 88. Ng3
Rc3 89. Ne4 Rc4 90. Nf6 Rc1 91. Nd7+ Kg8 92. f6 {#} Rf1 $1 {Once the pawns
have advanced to the sixth rank, this is the correct defensive method: the
rook has to watch the events "from behind".} 93. Ne5 Rg1+ 94. Kf5 Rf1+ 95. Ke6
Re1 96. Kd6 Re2 97. Nc6 Rg2 98. Ke6 Re2+ 99. Kd7 Kf8 100. Kd6 Rg2 101. Ne5 Rd2+
102. Ke6 Re2 103. Kf5 Rf2+ 104. Kg5 Rg2+ 105. Kh4 Rf2 106. Ng4 Rg2 107. Ne5 Rf2
108. Kg5 Rg2+ 109. Kf4 Rf2+ 110. Nf3 Rf1 111. Ke3 Kg8 112. Kf4 Kf8 113. Ke4 Kg8
114. Ke3 Ra1 115. Kf4 Rf1 116. Kg4 Rf2 117. Kg3 Rf1 118. Kf4 Rf2 119. Ke4 Rf1
120. Ke3 Ra1 121. Kd4 Rf1 122. Ke4 Rf2 123. g7 Rg2 1/2-1/2

[Event "Montreal International"]
[Site "Montreal"]
[Date "1979.04.25"]
[Round "11"]
[White "Portisch, Lajos"]
[Black "Ljubojevic, Ljubomir"]
[Result "1/2-1/2"]
[WhiteElo "2640"]
[BlackElo "2590"]
[Annotator "ChessBase"]
[PlyCount "52"]
[EventDate "1979.04.11"]
[EventType "tourn"]
[EventRounds "18"]
[EventCountry "CAN"]
[EventCategory "15"]
[SourceTitle "MCL"]
[Source "ChessBase"]
[SourceDate "1999.07.01"]
[SourceVersion "1"]
[SourceVersionDate "1999.07.01"]
[SourceQuality "1"]

1. d4 Nf6 2. c4 e6 3. Nc3 Bb4 4. e3 O-O 5. Bd3 d5 6. Nf3 c5 7. O-O dxc4 8. Bxc4
Nbd7 9. Qe2 (9. a3 cxd4 10. exd4 Bxc3 11. bxc3 Qc7 $13) 9... b6 (9... cxd4 10.
exd4 b6 11. d5 Bxc3 12. dxe6 {Portisch,L-Karpov,An/San Antonio/1972/}) 10. d5 (
10. Rd1 {main line} cxd4 11. exd4 Bb7 12. Ne5 Rc8 13. Bg5 Bxc3 14. bxc3 Qc7 $13
) 10... Bxc3 11. dxe6 Ne5 (11... Ba5 12. exd7 $16 Bxd7 (12... Qxd7 13. Rd1 Qg4
14. h3 Qh5 15. e4 {Gligoric,S-Matanovic,A/JUG-ch/1965/}) 13. e4 {Gligoric,
S-Unzicker,W/Hastings6970/1969/1-0/}) 12. exf7+ Kh8 13. bxc3 Bg4 14. e4 Qe7 (
14... Nh5 $6 15. Bd5 $1 Bxf3 16. gxf3 Qh4 17. f4 Nxf4 18. Bxf4 Qxf4 19. Qe3
Qxe3 20. fxe3 $16 {Knaak,R-Sax,G/Thessaloniki ol/1988/}) 15. Rd1 $5 (15. Re1 {
main line} b5 $1 (15... Bxf3 16. gxf3 Nxc4 17. Qxc4 Rxf7 18. Bg5 $16 {Portisch,
L-Matanovic,A/Zagreb/1965/}) 16. Bxb5 Nh5 $13) 15... Nxc4 16. Qxc4 Qxe4 17.
Qxe4 Nxe4 18. Rd3 $1 Bxf3 (18... Rxf7 $2 19. Ne5) 19. Rxf3 Nf6 20. Bg5 Rxf7 21.
Rd1 Re8 22. Kf1 Kg8 {/\Ne4} 23. Bxf6 gxf6 $10 24. Rd6 Kg7 (24... Re4 $5) 25.
Rf4 Rfe7 26. g3 Re6 1/2-1/2

[Event "Match/Nation DDR-HUN (4-4) (5-3)"]
[Site "Zinnowitz"]
[Date "1980.10.15"]
[Round "2.1"]
[White "Knaak, Rainer"]
[Black "Pinter, Jozsef"]
[Result "1-0"]
[WhiteElo "2535"]
[BlackElo "2535"]
[Annotator "ChessBase"]
[PlyCount "111"]
[EventDate "1980.10.14"]
[EventType "team-match"]
[EventRounds "2"]
[EventCountry "DDR"]
[SourceTitle "MCL"]
[Source "ChessBase"]
[SourceDate "1999.07.01"]
[SourceVersion "1"]
[SourceVersionDate "1999.07.01"]
[SourceQuality "1"]

1. d4 Nf6 2. c4 e6 3. Nc3 Bb4 4. e3 c5 5. Bd3 O-O 6. Nf3 d5 7. O-O dxc4 8. Bxc4
Nbd7 9. Qe2 b6 10. Rd1 cxd4 11. exd4 Bb7 12. Bd2 Rc8 13. Bd3 Bd6 14. Bg5 h6 15.
Bh4 Qc7 $5 16. Nb5 Qb8 17. Ne5 (17. Bg3 $5) 17... Bxe5 (17... Nxe5 18. Nxd6
Qxd6 19. dxe5 Qc6 20. f3 $14) 18. dxe5 Qxe5 19. Nd6 (19. Nxa7 Qxe2 20. Bxe2 Rc2
$15) 19... Qxe2 20. Bxe2 Rb8 21. Bg3 Bd5 22. Rdc1 Ra8 23. Rc7 Nc5 24. f3 a5 25.
a3 Bb3 (25... Ne8 $142 26. Nxe8 Rfxe8) 26. Bb5 $14 Nd5 27. Rc6 Rfd8 28. Re1 a4
29. h3 Ra7 30. Ne4 Ra5 31. Bf1 Nb7 32. Bf2 b5 (32... Raa8 $142) 33. Nd2 $1 Nd6
34. Rc5 Raa8 35. Nxb3 axb3 36. Bxb5 Ra5 (36... Nxb5 37. Rxb5 Rab8 38. Rxb8 Rxb8
39. Rc1 $16) 37. Bf1 Rxc5 38. Bxc5 Nb7 39. Bf2 Nf4 40. Ba6 Rd7 41. Rc1 g5 42.
Be3 Nd5 43. Rc8+ Kh7 44. Kf2 Nd6 45. Bd3+ f5 46. Rb8 Nxe3 47. Kxe3 Nb7 48. Bc4
Nc5 49. Rb5 f4+ 50. Ke2 Rc7 51. Kd2 Ne4+ 52. Kd3 Nf2+ 53. Kd4 Rd7+ 54. Ke5 Nd1
55. Bxb3 Ne3 56. Bxe6 1-0